书目信息 |
| 题名: |
中国滋味
|
|
| 作者: | 王仁湘 , 张征雁 著 | |
| 分册: | ||
| 出版信息: | 沈阳 辽宁人民出版社 2007.10 |
|
| 页数: | 310页 | |
| 开本: | 24cm | |
| 丛书名: | ||
| 单 册: | ||
| 中图分类: | TS364-092 | |
| 科图分类: | ||
| 主题词: | 食盐--shi yan--历史--中国 | |
| 电子资源: | ||
| ISBN: | 978-7-205-06244-6 | |
| 000 | 00903nam0 2200265 450 | |
| 001 | 012009649140 | |
| 005 | 20090108165137.26 | |
| 010 | @a978-7-205-06244-6@dCNY34.00 | |
| 100 | @a20090108d2007 em y0chiy0120 ea | |
| 101 | 0 | @achi |
| 102 | @aCN@b210000 | |
| 105 | @aa a 000yy | |
| 106 | @ar | |
| 200 | 1 | @a中国滋味@Azhong guo zi wei@e盐与文明@f王仁湘, 张征雁著@Fwang ren xiang,zhang zheng yan zhu |
| 210 | @a沈阳@c辽宁人民出版社@d2007.10 | |
| 215 | @a310页@c图@d24cm | |
| 320 | @a有书目 (第307-309页) | |
| 330 | @a本书收录了玄滋素液、穿井取卤、煮海熬波、盐商鹾贾、细盐峻法、国之大宝、百味之主、滋味之外等多篇关于盐的文明史。 | |
| 517 | 1 | @a盐与文明@Ayan yu wen ming |
| 606 | 0 | @a食盐@Ashi yan@x历史@y中国 |
| 690 | @aTS364-092@v4 | |
| 701 | 0 | @a王仁湘@Awang ren xiang@4著 |
| 701 | 0 | @a张征雁@Azhang zheng yan@4著 |
| 801 | 0 | @aCN@bQSSK@c20090108 |
| 905 | @b736841-43@dTS364-092@eW327@f3 | |
| 中国滋味:盐与文明/王仁湘, 张征雁著.-沈阳:辽宁人民出版社,2007.10 |
| 310页:图;24cm |
| ISBN 978-7-205-06244-6:CNY34.00 |
| 本书收录了玄滋素液、穿井取卤、煮海熬波、盐商鹾贾、细盐峻法、国之大宝、百味之主、滋味之外等多篇关于盐的文明史。 |
| ● |
| 相关链接 |
|
|
|
正题名:中国滋味
索取号:TS364-092/W327
 
预约/预借
| 序号 | 登录号 | 条形码 | 馆藏地/架位号 | 状态 | 备注 |
| 1 | 736841 | 207368418 | 自科库501/501自科库 42排5列2层/ [索取号:TS364-092/W327] | 在馆 | |
| 2 | 736842 | 207368427 | 自科库501/501自科库 42排5列2层/ [索取号:TS364-092/W327] | 在馆 | |
| 3 | 736843 | 207368436 | 期刊室512/501自科库 42排5列2层/ [索取号:TS364-092/W327] | 在馆 |